00669 2200253 4500001002100000005001700021008004100038020001800079035002400097090001500121100001200136245006800148250001100216260003400227300002400261500002600285650001900311700002200330850001200352985000600364999001500370999001500385999001500400YOGYA-0209000004736320090227031538.0 ind  a979-002-028-7 0010-020900000047363 a635bPur B aPURWONO aBudidaya 8 jenis tanaman pangan unggulcPurwono, Heni Purnawati aCet. 1 aJakartabPimbar Swadayac2007 a138 hlmbilusc2007 aBibliografi : hlm.138 aTanaman pangan aPurnamawati, Heni aYOPDYOG a3 a07B0031249 a07B0031250 a07B0031251